000 00444nam a2200181Ia 4500
001 16323
005 20260306170301.0
008 260306t2012||||xx |||||||||||||| ||und||
041 _aESP
082 _a348.21
_bM63
100 _aMiranda Serrano, Luis María
_eAUT
245 0 _aDerecho (privado) de los consumidores
260 _c2012
300 _a469 páginas :
_c24 cm.
650 _aGEN
654 _aCDE
942 _cLIB
_dJUS
_fJUS
_2ddc
_n
999 _c16323
_d16323